00658 2200241 4500001002100000005001500021035002000036007000300056008004100059100001600100245008400116300003000200020001800230082001100248084002100259084002100280084002100301260003800322650001700360990001300377990001300390990001300403INLIS00000000000945220251218051107 a0010-0623000246ta230627 0 ind 0 aImam Samawi1 aMukjizat Silaturrahim :bmenyingkap rahasia dibalik silaturrahmi /cImam Samawi a190 hlm. ;c13.5 x 21 cm. a9786027731271 a297.56 a297.56 IMA m C.1 a297.56 IMA m C.2 a297.56 IMA m C.3 aYogyakarta :bFatiha Media,c2013 4aBudi Pekerti a023.2613 a023.2614 a023.2615